00925nam a2200289 i 450000100060000000300090000600500170001500800390003201500170007104000410008804600090012908000080013808000090014610000450015524500650020025000120026526000600027730000330033738000170037038800140038750000180040165800340041965000210045365500170047471000460049185600980053712190KOSZ 00520201215125353.0070822s1969 pl a f f 000 0 pol aPB 1969/1033 aWA NcWA NdKOSZ 005/RWdKOSZ 005/HR k1969 a657 a(07)1 aSkrzywan, Stanisławd(1902-1971)eAutor10aTeoretyczne podstawy rachunkowości /cStanisław Skrzywan. aWyd. 2. aWarszawa :bPaństwowe Wydawnictwo Ekonomiczne,c1969. a295, [1] s. :bil. ;c25 cm. aKsiążki. a1901-2000 aDruk z płyt. aGospodarka, ekonomia, finanse 4aRachunkowość 4aPodręcznik2 aPaństwowe Wydawnictwo Ekonomiczne4pbl. uhttp://koha.tu.koszalin.pl/cgi-bin/koha/opac-detail.pl?biblionumber=12190yKatalog online BPK